Introducción a la arquitectura (Registro nro. 21549)
[ vista simple ]
| 000 -Cabecera | |
|---|---|
| Campo de control interno | 00475nam a22002057a 4500 |
| 005 - Fecha y hora del registro | |
| control field | 20260312103843.0 |
| 008 - Elementos de Longitud Fija | |
| fixed length control field | 260312b |||||||| |||| 00| 0 spa d |
| 041 ## - Idioma | |
| Codigo Idioma | ESP |
| 082 ## - DEWEY y NOTACIÓN INTERNA | |
| Dewey | S 720 |
| Notación Interna | D36 |
| 100 ## - AUTOR | |
| Autor denominación | De Sola-Morales, Ignasi |
| 245 ## - TÍTULO DE MATERIAL BIBLIOGRÁFICO | |
| Título | Introducción a la arquitectura |
| 260 ## - CIUDAD, EDITORIAL, AÑO | |
| Ciudad | : |
| Nombre de la Editorial | , |
| Año | 2002 |
| 300 ## - DESCRIPCIÓN | |
| N° Páginas | 156 páginas : |
| Otros detalles | ; |
| Dimensiones | 25 cm. |
| 440 ## - MENCIÓN DE SERIE | |
| Título de la Serie | ; |
| 650 ## - TEMAS | |
| Temas | Artes Decorativas |
| 654 ## - PROGRAMAS | |
| Programa | Dpto. Arquitectura y Urbanismo |
| 700 ## - OTROS AUTORES | |
| Otros autores | ; |
| 942 ## - ELEMENTOS DE KOHA | |
| Tipo de documento | Libro |
| Nombre del creador | Justo Noguera |
| Código de catalogador | Justo Noguera |
| Esquema de clasificación | Dewey Decimal Classification |
| Codigo completo | Registro | Colección | Copia número | Disponibilidad | Tipo de préstamo | Biblioteca Actual | Procedencia (Biblioteca) | Ubicacón | Fecha Ingreso | Tipo de Adquisición | Date last seen | Total checkouts | Date last checked out | Price effective from | Tipo de Item | Estado del Material | Fuente de Clasificación | Damaged status | Withdrawn status | Total renewals |
|---|---|---|---|---|---|---|---|---|---|---|---|---|---|---|---|---|---|---|---|---|
| S 720 D36 | U0005456 | Universidad Católica San Pablo | 1 | Disponible | Disponible | Víctor Andrés Belaunde | Víctor Andrés Belaunde | Segundo piso | 12/03/2026 | Compra | 14/04/2026 | 1 | 09/04/2026 | 12/03/2026 | Libro | Bueno | Dewey Decimal Classification | |||
| 720 D36 | U0005457 | Universidad Católica San Pablo | 1 | Disponible | Disponible | Víctor Andrés Belaunde | Víctor Andrés Belaunde | Segundo piso | 12/03/2026 | Compra | 31/03/2026 | 2 | 24/03/2026 | 12/03/2026 | Libro | Bueno | Dewey Decimal Classification | 2 |




